| 000 | 00552nam a2200205Ia 4500 | ||
|---|---|---|---|
| 005 | 20250319034025.0 | ||
| 008 | 240331s9999 xx 000 0 und d | ||
| 020 | _a8170361860 | ||
| 082 |
_a302.234 _bKRI _23440 |
||
| 100 | _aKrishnan, P | ||
| 100 | _aDighe, A | ||
| 245 | 0 |
_aAffirmation and Denial: _bConstruction of Femininity on Indian Television |
|
| 260 |
_aNew Delhi; _aCalifornia; _aLondon, _bSAGE Publications _c1990 |
||
| 300 | _a128 p., | ||
| 650 | _aFeminsim | ||
| 650 | _aWomen | ||
| 650 | _aCinema | ||
| 650 | _aTelevision | ||
| 942 | _cL | ||
| 999 |
_c1168 _d1168 |
||